| 000 | 00888nam a22002057a 4500 | ||
|---|---|---|---|
| 005 | 20250423155451.0 | ||
| 010 | _aB-767143-175 BACEN25 | ||
| 020 |
_a9789355011534 _c899.00 |
||
| 035 | _aB-767143-175 | ||
| 037 | _bUDH Pub. & Dist. | ||
| 082 |
_a000 _2Revised |
||
| 100 |
_aAggarwal, R.S. _980823 |
||
| 245 |
_aA Modern Approach to Verbal & Non-Verbal Reasoning/ _cBy R.S. Aggarwal |
||
| 250 | _aRevised | ||
| 260 |
_aNew Delhi _bS Chand and Company Limited _c2022 |
||
| 270 |
_a A-27, 2nd Floor, Mohan Co-operative Industrial Estate _bNew Delhi _e110044 _minfo@schandpublishing.com _k011-49731800 |
||
| 300 |
_avpp. _c26cm(pb) |
||
| 942 |
_2ddc _cEN _h000 _mAGG _eRevised |
||
| 999 |
_c208727 _d208727 |
||